Selected papers on anthropology, travel exploration
Αποθηκεύτηκε σε:
| Κύριος συγγραφέας: | |
|---|---|
| Άλλοι συγγραφείς: | |
| Μορφή: | Βιβλίο |
| Γλώσσα: | English |
| Δημοσίευση: |
New York :
Benjamin Blom,
1972.
|
| Θέματα: | |
| Ετικέτες: |
Προσθήκη ετικέτας
Δεν υπάρχουν, Καταχωρήστε ετικέτα πρώτοι!
|
MARC
| LEADER | 00000cam a2200000 i 4500 | ||
|---|---|---|---|
| 001 | 1/100609 | ||
| 008 | 000201s1972 eng d | ||
| 035 | |l 10057342 | ||
| 040 | |a GR-MY-UA |b gre |e aacr | ||
| 041 | 0 | |a eng | |
| 082 | 0 | |a 910.8 | |
| 100 | 1 | |a Burton, Richard Francis, |c Sir, |d 1821-1890. | |
| 245 | 1 | 0 | |a Selected papers on anthropology, travel exploration / |c by sir Richard Burton ; now edited with an introduction and occasional notes by N. M. Penzer. |
| 260 | |a New York : |b Benjamin Blom, |c 1972. | ||
| 300 | |a 240 σ. | ||
| 504 | |a Περιέχει ευρετήριο. | ||
| 650 | 0 | 0 | |a Voyages and travels. |
| 700 | 1 | |a Penzer, N. M. |q (Norman Mosley), |d 1892-1960, |e edt | |
| 852 | |a INST |b LESVOS |e 20000201 |h 910.8 BUR |p 005100022504 |q 005100022504 |t BK |y 0 | ||
| 901 | |a BIBL1-2000-1 | ||
| 909 | |a Λ |b 035003 | ||
| 970 | |a ΑΙΒΑΤΖΙΔΟΥ |b ΕΛΕΝΗ |z 2000/02/01 | ||